000 00549 a2200169 4500
020 _a0763725463
040 _aDLC
_bDLC
082 0 0 _a005.1068
100 1 _aTsui, Frank F.
245 1 0 _aManaging software projects
_cFrank Tsui.
250 _a1st ed.
260 _aSudbury, Mass. :
_bJones and Bartlett Publishers,
_cc2004.
300 _axvii, 337 p. :
_bill. ;
_c24 cm.
650 0 _aComputer software
_xDevelopment
_xManagement.
856 4 1 _3Table of contents
_uhttp://www.loc.gov/catdir/toc/ecip049/2003021739.html
942 _cBK
_k005.1068 TSU
_2ddc
999 _c5825
_d5825